Normal view
MARC view
Entry Personal Name
001 - CONTROL NUMBER
- control field: 815206
003 - CONTROL NUMBER IDENTIFIER
- control field: OSt
005 - DATE AND TIME OF LATEST TRANSACTION
- control field: 20250704151429.0
008 - FIXED-LENGTH DATA ELEMENTS
- fixed length control field: 250704|| aca||aabn | a|a d
040 ## - CATALOGING SOURCE
- Original cataloging agency: OSt
- Transcribing agency: OSt
100 ## - HEADING--PERSONAL NAME
- Personal name: देवी, रुक्मणी
670 ## - SOURCE DATA FOUND
- Source citation: Work cat.: (OSt)1433438: देवी, रुक्मणी , आषाढी बादल , 1998
